000 00808nam a22002177a 4500
003 UA-OsUOA
001 66836
007 ta
008 20100128b un ||||| |||| 00| 0 ukr d
100 _aКлименко О.О.
090 _a81
_bК49
942 _cSA
040 _aUA-OsUOA
_bukr
_cUA-OsUOA
_dUA-OsUOA
245 _aОсобливості ознайомлення студентів з іспанськимми видо-часовими формами у контексті комунікативно-когнітивного підходу до навчання іноземних мов
300 _aС.59
955 _a0
041 _aukr
080 _a81
773 0 _w66832
650 7 _a8 Мовознавство. Художня література. Літературознавство
_2UDC
999 _c352967
_d352967